|
|
|
|
| LEADER |
00000cas a2200000 c 4500 |
| 001 |
129388432 |
| 003 |
DE-627 |
| 005 |
20250511093008.0 |
| 007 |
tu |
| 008 |
931114c19729999gw z| m| 0 |0ger c |
| 015 |
|
|
|a 08,A38,0083
|2 dnb
|
| 016 |
7 |
|
|a 011001607
|2 DE-101
|
| 016 |
7 |
|
|a 184397-7
|2 DE-600
|
| 022 |
|
|
|a 0946-9923
|
| 035 |
|
|
|a (DE-627)129388432
|
| 035 |
|
|
|a (DE-576)028030885
|
| 035 |
|
|
|a (DE-599)ZDB184397-7
|
| 035 |
|
|
|a (OCoLC)1367307312
|
| 040 |
|
|
|a DE-627
|b ger
|c DE-627
|e rakwb
|
| 041 |
|
|
|a ger
|
| 044 |
|
|
|c XA-DE
|
| 082 |
0 |
4 |
|a 020
|a 090
|q DE-101
|
| 082 |
0 |
4 |
|a 020
|q DE-600
|
| 084 |
|
|
|a 1
|2 ssgn
|
| 110 |
2 |
|
|e VerfasserIn
|0 (DE-588)8989-8
|0 (DE-627)100266355
|0 (DE-576)190196823
|4 aut
|a Herzog August Bibliothek
|
| 222 |
|
0 |
|a Ausstellungskataloge der Herzog-August-Bibliothek
|
| 245 |
1 |
0 |
|a Ausstellungskataloge der Herzog-August-Bibliothek
|
| 247 |
1 |
0 |
|a Ausstellungskatalog der Herzog-August-Bibliothek
|f Hauptsacht. teils
|
| 264 |
3 |
1 |
|a Wolfenbüttel
|b Herzog-August-Bibliothek
|c 1972-
|
| 264 |
2 |
1 |
|a [Wechselnde Erscheinungsorte]
|b [Wechselnde Verlage]
|c teils
|
| 336 |
|
|
|a Text
|b txt
|2 rdacontent
|
| 337 |
|
|
|a ohne Hilfsmittel zu benutzen
|b n
|2 rdamedia
|
| 338 |
|
|
|a Band
|b nc
|2 rdacarrier
|
| 362 |
0 |
|
|a 1.1972 -
|
| 363 |
0 |
1 |
|a 1
|i 1972
|
| 515 |
|
|
|a Ersch. unregelmäßig
|
| 601 |
|
|
|a Ausstellungskatalog
|
| 655 |
|
7 |
|a Monografische Reihe
|0 (DE-588)4179998-7
|0 (DE-627)104628669
|0 (DE-576)209995106
|2 gnd-content
|
| 889 |
|
|
|w (DE-603)005750075
|
| 889 |
|
|
|w (DE-576)443674477
|
| 889 |
|
|
|w (DE-576)468352015
|
| 889 |
|
|
|w (DE-627)892540117
|
| 935 |
|
|
|a mteo
|a RFBW
|a FBGO
|a JALB
|
| 951 |
|
|
|a ST
|
| BIB |
|
|
|a 1
|c 1
|
| ELC |
|
|
|b 1
|
| ITA |
|
|
|a 1
|t 1
|
| LOK |
|
|
|0 000 xxxxxcx a22 zn 4500
|
| LOK |
|
|
|0 001 2482751926
|
| LOK |
|
|
|0 003 DE-627
|
| LOK |
|
|
|0 004 129388432
|
| LOK |
|
|
|0 005 20010810000000
|
| LOK |
|
|
|0 008 870304||||||||||||||||ger|||||||
|
| LOK |
|
|
|0 040
|a DE-21
|c DE-627
|d DE-21
|
| LOK |
|
|
|0 852
|a DE-21
|
| LOK |
|
|
|0 852 1
|9 00
|
| LOK |
|
|
|0 866
|x NAK
|
| LOK |
|
|
|0 939
|a 04-03-87
|b l01
|
| LOK |
|
|
|0 000 xxxxxcx a22 zn 4500
|
| LOK |
|
|
|0 001 2482751934
|
| LOK |
|
|
|0 003 DE-627
|
| LOK |
|
|
|0 004 129388432
|
| LOK |
|
|
|0 005 20010810000000
|
| LOK |
|
|
|0 008 930603||||||||||||||||ger|||||||
|
| LOK |
|
|
|0 040
|a DE-21-31
|c DE-627
|d DE-21-31
|
| LOK |
|
|
|0 852
|a DE-21-31
|
| LOK |
|
|
|0 852 1
|m p
|9 00
|
| LOK |
|
|
|0 938
|k p
|
| LOK |
|
|
|0 939
|a 03-06-93
|b l01
|
| LOK |
|
|
|0 000 xxxxxcx a22 zn 4500
|
| LOK |
|
|
|0 001 2482751942
|
| LOK |
|
|
|0 003 DE-627
|
| LOK |
|
|
|0 004 129388432
|
| LOK |
|
|
|0 005 20050531000000
|
| LOK |
|
|
|0 008 050531||||||||||||||||ger|||||||
|
| LOK |
|
|
|0 040
|a DE-21-64
|c DE-627
|d DE-21-64
|
| LOK |
|
|
|0 852
|a DE-21-64
|
| LOK |
|
|
|0 852 1
|m p
|9 00
|
| LOK |
|
|
|0 935
|a k064
|
| LOK |
|
|
|0 938
|k p
|
| LOK |
|
|
|0 939
|a 31-05-05
|b l01
|
| LOK |
|
|
|0 000 xxxxxcx a22 zn 4500
|
| LOK |
|
|
|0 001 2482751950
|
| LOK |
|
|
|0 003 DE-627
|
| LOK |
|
|
|0 004 129388432
|
| LOK |
|
|
|0 005 20010810000000
|
| LOK |
|
|
|0 008 010511||||||||||||||||ger|||||||
|
| LOK |
|
|
|0 040
|a DE-21-35
|c DE-627
|d DE-21-35
|
| LOK |
|
|
|0 852
|a DE-21-35
|
| LOK |
|
|
|0 852 1
|c Einzelsignatur
|m p
|9 00
|
| LOK |
|
|
|0 938
|k p
|
| LOK |
|
|
|0 939
|a 11-05-01
|b l01
|
| LOK |
|
|
|0 000 xxxxxcx a22 zn 4500
|
| LOK |
|
|
|0 001 2482751969
|
| LOK |
|
|
|0 003 DE-627
|
| LOK |
|
|
|0 004 129388432
|
| LOK |
|
|
|0 005 20051213000000
|
| LOK |
|
|
|0 008 051213||||||||||||||||ger|||||||
|
| LOK |
|
|
|0 040
|a DE-21-39
|c DE-627
|d DE-21-39
|
| LOK |
|
|
|0 852
|a DE-21-39
|
| LOK |
|
|
|0 852 1
|m p
|9 00
|
| LOK |
|
|
|0 935
|a k039
|
| LOK |
|
|
|0 938
|k p
|
| LOK |
|
|
|0 939
|a 13-12-05
|b l01
|
| LOK |
|
|
|0 000 xxxxxcx a22 zn 4500
|
| LOK |
|
|
|0 001 2482751977
|
| LOK |
|
|
|0 003 DE-627
|
| LOK |
|
|
|0 004 129388432
|
| LOK |
|
|
|0 005 20010810000000
|
| LOK |
|
|
|0 008 931021||||||||||||||||ger|||||||
|
| LOK |
|
|
|0 040
|a DE-21-108
|c DE-627
|d DE-21-108
|
| LOK |
|
|
|0 092
|o l
|
| LOK |
|
|
|0 852
|a DE-21-108
|
| LOK |
|
|
|0 852 1
|m p
|9 00
|
| LOK |
|
|
|0 938
|k p
|
| LOK |
|
|
|0 939
|a 21-10-93
|b l01
|
| LOK |
|
|
|0 000 xxxxxcx a22 zn 4500
|
| LOK |
|
|
|0 001 2482751985
|
| LOK |
|
|
|0 003 DE-627
|
| LOK |
|
|
|0 004 129388432
|
| LOK |
|
|
|0 005 20050110000000
|
| LOK |
|
|
|0 008 050110||||||||||||||||ger|||||||
|
| LOK |
|
|
|0 040
|a DE-21-22
|c DE-627
|d DE-21-22
|
| LOK |
|
|
|0 852
|a DE-21-22
|
| LOK |
|
|
|0 852 1
|m p
|9 00
|
| LOK |
|
|
|0 935
|a i022
|a k022
|
| LOK |
|
|
|0 938
|k p
|
| LOK |
|
|
|0 939
|a 10-01-05
|b l01
|
| LOK |
|
|
|0 000 xxxxxcx a22 zn 4500
|
| LOK |
|
|
|0 001 2530600902
|
| LOK |
|
|
|0 003 DE-627
|
| LOK |
|
|
|0 004 129388432
|
| LOK |
|
|
|0 005 20070329084917
|
| LOK |
|
|
|0 008 070329||||||||||||||||ger|||||||
|
| LOK |
|
|
|0 040
|a DE-21-93
|c DE-627
|d DE-21-93
|
| LOK |
|
|
|0 689
|a s
|a Pharmazie
|
| LOK |
|
|
|0 689
|a s
|a Geschichte
|
| LOK |
|
|
|0 689
|a z
|a 16. Jh.
|
| LOK |
|
|
|0 689
|a s
|a Pharmazie
|
| LOK |
|
|
|0 689
|a s
|a Geschichte
|
| LOK |
|
|
|0 689
|a z
|a 17. Jh.
|
| LOK |
|
|
|0 689
|a s
|a Hausarznei
|
| LOK |
|
|
|0 689
|a z
|a 16. Jh.
|
| LOK |
|
|
|0 689
|a s
|a Apotheke
|
| LOK |
|
|
|0 689
|a z
|a 16. Jh.
|
| LOK |
|
|
|0 852
|a DE-21-93
|
| LOK |
|
|
|0 852 1
|m p
|9 00
|
| LOK |
|
|
|0 935
|a k093
|a i093
|a kneu
|
| LOK |
|
|
|0 938
|k p
|
| LOK |
|
|
|0 939
|a 29-03-07
|b l01
|
| LOK |
|
|
|0 000 xxxxxcx a22 zn 4500
|
| LOK |
|
|
|0 001 261105925X
|
| LOK |
|
|
|0 003 DE-627
|
| LOK |
|
|
|0 004 129388432
|
| LOK |
|
|
|0 005 20100405090958
|
| LOK |
|
|
|0 008 091001||||||||||||||||ger|||||||
|
| LOK |
|
|
|0 040
|a DE-21-93
|c DE-627
|d DE-21-93
|
| LOK |
|
|
|0 852
|a DE-21-93
|
| LOK |
|
|
|0 852 1
|m p
|9 00
|
| LOK |
|
|
|0 938
|k p
|
| LOK |
|
|
|0 939
|a 01-10-09
|b l02
|
| LOK |
|
|
|0 000 xxxxxcx a22 zn 4500
|
| LOK |
|
|
|0 001 2579057056
|
| LOK |
|
|
|0 003 DE-627
|
| LOK |
|
|
|0 004 129388432
|
| LOK |
|
|
|0 005 20080822154617
|
| LOK |
|
|
|0 008 080822||||||||||||||||ger|||||||
|
| LOK |
|
|
|0 040
|a DE-21-37
|c DE-627
|d DE-21-37
|
| LOK |
|
|
|0 852
|a DE-21-37
|
| LOK |
|
|
|0 852 1
|m p
|9 00
|
| LOK |
|
|
|0 938
|k p
|
| LOK |
|
|
|0 939
|a 22-08-08
|b l01
|
| LOK |
|
|
|0 000 xxxxxcx a22 zn 4500
|
| LOK |
|
|
|0 001 2581971800
|
| LOK |
|
|
|0 003 DE-627
|
| LOK |
|
|
|0 004 129388432
|
| LOK |
|
|
|0 005 20081007165810
|
| LOK |
|
|
|0 008 081007||||||||||||||||ger|||||||
|
| LOK |
|
|
|0 040
|a DE-21-25
|c DE-627
|d DE-21-25
|
| LOK |
|
|
|0 852
|a DE-21-25
|
| LOK |
|
|
|0 852 1
|m p
|9 00
|
| LOK |
|
|
|0 935
|a k025
|a i025
|a kneu
|
| LOK |
|
|
|0 938
|k p
|
| LOK |
|
|
|0 939
|a 07-10-08
|b l01
|
| LOK |
|
|
|0 000 xxxxxcx a22 zn 4500
|
| LOK |
|
|
|0 001 2582448745
|
| LOK |
|
|
|0 003 DE-627
|
| LOK |
|
|
|0 004 129388432
|
| LOK |
|
|
|0 005 20081014102831
|
| LOK |
|
|
|0 008 081014||||||||||||||||ger|||||||
|
| LOK |
|
|
|0 040
|a DE-21-32c
|c DE-627
|d DE-21-32c
|
| LOK |
|
|
|0 852
|a DE-21-32c
|
| LOK |
|
|
|0 852 1
|m p
|9 00
|
| LOK |
|
|
|0 935
|a k32c
|a i32c
|a kneu
|
| LOK |
|
|
|0 938
|k p
|
| LOK |
|
|
|0 939
|a 14-10-08
|b l01
|
| LOK |
|
|
|0 000 xxxxxcx a22 zn 4500
|
| LOK |
|
|
|0 001 2584458551
|
| LOK |
|
|
|0 003 DE-627
|
| LOK |
|
|
|0 004 129388432
|
| LOK |
|
|
|0 005 20081105152037
|
| LOK |
|
|
|0 008 081105||||||||||||||||ger|||||||
|
| LOK |
|
|
|0 040
|a DE-21-43
|c DE-627
|d DE-21-43
|
| LOK |
|
|
|0 852
|a DE-21-43
|
| LOK |
|
|
|0 852 1
|m p
|9 00
|
| LOK |
|
|
|0 935
|a k043
|a kneu
|
| LOK |
|
|
|0 938
|k p
|
| LOK |
|
|
|0 939
|a 05-11-08
|b l01
|
| LOK |
|
|
|0 000 xxxxxcx a22 zn 4500
|
| LOK |
|
|
|0 001 2689334607
|
| LOK |
|
|
|0 003 DE-627
|
| LOK |
|
|
|0 004 129388432
|
| LOK |
|
|
|0 005 20110909151815
|
| LOK |
|
|
|0 008 110909||||||||||||||||ger|||||||
|
| LOK |
|
|
|0 040
|a DE-21-45
|c DE-627
|d DE-21-45
|
| LOK |
|
|
|0 852
|a DE-21-45
|
| LOK |
|
|
|0 852 1
|m p
|9 00
|
| LOK |
|
|
|0 935
|a k045
|a i045
|
| LOK |
|
|
|0 938
|k p
|
| LOK |
|
|
|0 939
|a 09-09-11
|b l01
|
| LOK |
|
|
|0 000 xxxxxcx a22 zn 4500
|
| LOK |
|
|
|0 001 2695886004
|
| LOK |
|
|
|0 003 DE-627
|
| LOK |
|
|
|0 004 129388432
|
| LOK |
|
|
|0 005 20111123100325
|
| LOK |
|
|
|0 008 111123||||||||||||||||ger|||||||
|
| LOK |
|
|
|0 040
|a DE-21-52
|c DE-627
|d DE-21-52
|
| LOK |
|
|
|0 852
|a DE-21-52
|
| LOK |
|
|
|0 852 1
|m p
|9 00
|
| LOK |
|
|
|0 938
|k p
|
| LOK |
|
|
|0 939
|a 23-11-11
|b l01
|
| LOK |
|
|
|0 000 xxxxxcx a22 zn 4500
|
| LOK |
|
|
|0 001 283692280X
|
| LOK |
|
|
|0 003 DE-627
|
| LOK |
|
|
|0 004 129388432
|
| LOK |
|
|
|0 005 20150401123613
|
| LOK |
|
|
|0 008 150401||||||||||||||||ger|||||||
|
| LOK |
|
|
|0 040
|a DE-21-14
|c DE-627
|d DE-21-14
|
| LOK |
|
|
|0 852
|a DE-21-14
|
| LOK |
|
|
|0 852 1
|m p
|9 00
|
| LOK |
|
|
|0 935
|a i014
|
| LOK |
|
|
|0 938
|k p
|
| LOK |
|
|
|0 939
|a 01-04-15
|b l01
|
| LOK |
|
|
|0 000 xxxxxcx a22 zn 4500
|
| LOK |
|
|
|0 001 4441055919
|
| LOK |
|
|
|0 003 DE-627
|
| LOK |
|
|
|0 004 129388432
|
| LOK |
|
|
|0 005 20240912112931
|
| LOK |
|
|
|0 008 231219||||||||||||||||ger|||||||
|
| LOK |
|
|
|0 040
|a DE-Tue135
|c DE-627
|d DE-Tue135
|
| LOK |
|
|
|0 092
|o n
|
| LOK |
|
|
|0 852
|a DE-Tue135
|
| LOK |
|
|
|0 852 1
|9 00
|
| LOK |
|
|
|0 866
|x SPQUE#Reformationsgeschichtliche Forschungsbibliothek Wittenberg#SPSAM#Übergeordnete Werke
|
| LOK |
|
|
|0 935
|a RFBW
|a rfuw
|a FBGO
|a JALB
|
| LOK |
|
|
|0 939
|a 19-12-23
|b l01
|
| ORI |
|
|
|a SA-MARC-ixtheoa001.raw
|
| REL |
|
|
|a 1
|
| SPR |
|
|
|a 1
|t BIB
|t IXT
|t REL
|
| SUB |
|
|
|a REL
|